000
00302nam a2200121Ia 4500
008
220204s9999 xx 000 0 und d
082
_a
364
_b
KUG
100
_a
GRUENBERG, Gladys W
245
0
_a
International payoffs
260
_a
Toronto
_b
Lexington
_c
1977
700
_a
KUGEL, Yerachmiel
942
_c
BK
999
_c
37111
_d
37111